Представление документа в формате MARC21

Поле Инд. ПП Название Значение
Тип записи a
Библиографический уровень b
001 Контрольный номер 08f82bcbef5843e5a325fa6e0548a4c6
005 Дата корректировки 20220121112040.3
008 Кодируемые данные 20060228
084 a Индекс другой классификации/Индекс ББК 88.91; 88.283.12-52в6; 88.33-52в6
100 1_ a Автор Рассказова Е. И.
q Полное имя Рассказова Елена Игоревна
100 1_ a Автор Лебедева А. А.
q Полное имя Лебедева Анна Александровна
245 10 a Заглавие Скрининговая шкала позитивных и негативных переживаний Э. Динера: апробация русскоязычной версии
500 a Примечание Doi: 10.17323/1813-8918-2020-2-250-263
a Примечание Специальная тема выпуска: Психодиагностика
504 a Библиография Лит. в конце статьи
520 0_ a Аннотация Описана процедура апробации русскоязычной версии шкалы позитивных и негативных переживаний Э. Динера. Шкала распространена в зарубежной практике, обладает преимуществами перед аналогичными инструментами и может использоваться в научных и практических целях в России.
650 04 a Основная рубрика психология
a Основная рубрика практическая психология (прикладная психология)
a Основная рубрика психодиагностика
a Основная рубрика психология личности
a Основная рубрика общая психология; психические состояния
a Основная рубрика методология науки; методы научного исследования
653 0_ a Ключевые слова диагностика эмоций
a Ключевые слова качество жизни
a Ключевые слова копинг-стратегии
a Ключевые слова общение
a Ключевые слова переживания
a Ключевые слова позитивная психология
a Ключевые слова психодиагностические методы
a Ключевые слова психологическое тестирование
a Ключевые слова психология поведения
a Ключевые слова самоконтроль
a Ключевые слова саморегуляция
a Ключевые слова субъективное благополучие
a Ключевые слова удовлетворенность жизнью
a Ключевые слова чувства
a Ключевые слова шкала Динера
a Ключевые слова шкала переживаний
a Ключевые слова эмоции
773 18 t Заглавие источника Психология. Журнал Высшей школы экономики
d Дата издания источника 2020
g Прочая информация Т. 17, № 2. - С. 250 - 263
w Контрольный № источника a7667c8168bb494bbb592687e33581c1
901 t Тип документа b